County seats of Sweden - Statistics

General Stats
  • This quiz has been taken 50 times
  • The average score is 18 of 21
Answer Stats
County name County seat % Correct
Västra Götaland County Gothenburg
98%
Stockholm County Stockholm
98%
Skåne County (Scania County) Malmö
95%
Jönköping County Jönköping
93%
Örebro County Örebro
93%
Uppsala County Uppsala
91%
Kalmar County Kalmar
88%
Östergötland County Linköping
88%
Västerbotten County Umeå
88%
Gotland County Visby
88%
Gävleborg County Gävle
86%
Norrbotten County Luleå
86%
Halland County Halmstad
84%
Blekinge County Karlskrona
81%
Värmland County Karlstad
81%
Kronoberg County Växjö
77%
Dalarna County Falun
74%
Jämtland County Östersund
74%
Västmanland County Västerås
72%
Södermanland County Nyköping
65%
Västernorrland County Härnösand
60%
No matching quizzes found
Score Distribution
Percent of People with Each Score
Percentile by Number Answered
Your Score History
You have not taken this quiz